banner koha

Efeito de diferentes profundidades de cama sobre parâmetros ambientais para suínos em crescimento e terminação (Registro n. 240503)

MARC details
000 -LÍDER
campo de controle de tamanho fixo 00990nas a2200313 4500
001 - NÚMERO DE CONTROLE
campo de controle BR2014006939
003 - IDENTIFICADOR DO NÚMERO DE CONTROLE
campo de controle BR-BrBNA
005 - DATA E HORÁRIO DA ÚLTIMA TRANSAÇÃO
campo de controle 20231205124717.0
007 - CAMPO FIXO DE DESCRIÇÃO FÍSICA--INFORMAÇÃO GERAL
campo de controle de tamanho fixo ta
008 - CAMPO DE DADOS FIXOS--INFORMAÇÃO GERAL
campo de controle de tamanho fixo 230509b bl.|||p| |||| 00| 00por d
040 ## - FONTE DA CATALOGAÇÃO
Instituição da catalogação original BR-BrBNA
Idioma da catalogação por
Instituição que transcreveu o registro Biblioteca Nacional de Agricultura
041 ## - CÓDIGO DE IDIOMA
Código do idioma do texto/trilha sonora ou título diferente (Pt)
072 ## - CÓDIGO DE CATEGORIA DE ASSUNTO
Código de Categoria de Assunto Q70; N10; L01
100 1# - ENTRADA PRINCIPAL--NOME PESSOAL
Nome pessoal Corrêa, E.K.
100 1# - ENTRADA PRINCIPAL--NOME PESSOAL
Nome pessoal Lucia Júnior, T.
100 1# - ENTRADA PRINCIPAL--NOME PESSOAL
Nome pessoal Gil-Turnes, C.
100 1# - ENTRADA PRINCIPAL--NOME PESSOAL
Nome pessoal Corrêa, M.N.
100 1# - ENTRADA PRINCIPAL--NOME PESSOAL
Nome pessoal Bianchi, I.
100 1# - ENTRADA PRINCIPAL--NOME PESSOAL
Nome pessoal Corezzolla, J.L.
100 1# - ENTRADA PRINCIPAL--NOME PESSOAL
Nome pessoal Ulguim, R.R.
245 1# - TÍTULO
Título Efeito de diferentes profundidades de cama sobre parâmetros ambientais para suínos em crescimento e terminação
650 ## - ASSUNTO--TERMO TÓPICO
Cabeçalho tópico ou nome geográfico MEIO AMBIENTE
650 ## - ASSUNTO--TERMO TÓPICO
Cabeçalho tópico ou nome geográfico RESÍDUO
650 ## - ASSUNTO--TERMO TÓPICO
Cabeçalho tópico ou nome geográfico TEMPERATURA
650 ## - ASSUNTO--TERMO TÓPICO
Cabeçalho tópico ou nome geográfico COMPOSTAGEM
773 0# - ENTRADA ANALÍTICA
Título Revista Brasileira de Engenharia Agrícola e Ambiental (Brazil)
ISSN - International Standard Serial Number ISSN 1415-4366
Partes relacionadas (May 2008), V. 12(5) p. 540-545
Número de controle do registro BR2014006939
909 ## -
-- 202311
-- Lúcia
-- 55
-- Lúcia Elande
942 ## - ELEMENTOS DE ENTRADA ADICIONADOS (KOHA)
Fonte da classificação ou esquema de arquivamento na estante Classificação AGRIS
Ocultar no OPAC Não
Tipo de material Koha Analítica
Exemplares
Situação do descarte Fonte da classificação ou esquema de arquivamento na estante Situação física Não pode ser emprestado Biblioteca de origem Biblioteca atual Localização na estante Enumeração do periódico / cronologia Total de empréstimos Data de último acesso Número do exemplar Tipo de material Koha Fonte de aquisição
  Classificação AGRIS   Consulta local Biblioteca Nacional de Agricultura - Binagri Biblioteca Nacional de Agricultura - Binagri   (May 2008), V. 12(5) p. 540-545   29/11/2023 01 Periódicos Portaria Interministerial nº 164/94

BINAGRI

Telefone: (61)3218-2567/2388/3357/2097 - binagri@agro.gov.br

Ministério da Agricultura e Pecuária , Esplanada dos Ministérios, Bloco D, Anexo B, Brasília/DF, CEP: 70.043-900